000 00507nam a2200181Ia 4500
008 090123s9999 xx 000 0 und d
082 _b23379
100 _aखिरे जयश्री
245 _aमोतिया
250 _a0
260 _bदिलिपराज प्रकाशन
_c1994
300 _a139
600 _aखिरे जयश्री
630 _aमोतिया
700 _aखिरे जयश्री
730 _aमोतिया
942 _cBOOK
999 _c61450
_d61450